LEADER 01749nam 2200433 a 450 001 9910693013603321 005 20041112093014.0 035 $a(CKB)5470000002359373 035 $a(OCoLC)56956861 035 9 $aocm56956861 035 $a(OCoLC)995470000002359373 035 $a(EXLCZ)995470000002359373 100 $a20041112d2004 ua 0 101 0 $aeng 135 $aurmn|||||| 181 $ctxt$2rdacontent 182 $cc$2rdamedia 183 $acr$2rdacarrier 200 10$aEmerging infectious diseases$b[electronic resource] $ereview of state and federal disease surveillance efforts : report to the Chairman, Permanent Subcommittee on Investigations, Committee on Governmental Affairs, U.S. Senate 210 1$a[Washington, D.C.] :$cU.S. Government Accountability Office,$d[2004] 300 $aTitle from title screen (viewed on Nov. 12, 2004). 300 $a"September 2004." 300 $aPaper version available from: U.S. Government Accountability Office, 441 G St., NW, Rm. LM, Washington, D.C. 20548. 300 $a"GAO-04-877." 320 $aIncludes bibliographical references. 517 $aEmerging infectious diseases 606 $aCommunicable diseases 606 $aDiseases$xManagement$xGovernment policy$zUnited States 606 $aPublic health$zUnited States$xEvaluation 615 0$aCommunicable diseases. 615 0$aDiseases$xManagement$xGovernment policy 615 0$aPublic health$xEvaluation. 712 02$aUnited States.$bCongress.$bSenate.$bCommittee on Governmental Affairs.$bPermanent Subcommittee on Investigations. 801 0$bGPO 801 1$bGPO 906 $aBOOK 912 $a9910693013603321 996 $aEmerging infectious diseases$92111089 997 $aUNINA